Fernando Savater (Record no. 183549)

MARC details
000 -LEADER
campo de control de longitud fija 01116nam a2200277 i 4500
001 - NÚMERO DE CONTROL
campo de control 183549
003 - IDENTIFICADOR DE NÚMERO DE CONTROL
campo de control ES-MaACL
005 - FECHA Y HORA DE LA ÚLTIMA TRANSACCIÓN
campo de control 20250804043115.0
008 - DATOS DE LONGITUD FIJA--INFORMACIÓN GENERAL
campo de control de longitud fija 140717s2013 sp | |||||||| |bspa d
020 ## - NÚMERO INTERNACIONAL ESTÁNDAR DEL LIBRO
Número Internacional Estándar del Libro 978-84-7731-376-2
080 ## - NÚMERO DE LA CLASIFICACIÓN DECIMAL UNIVERSAL
Número de la Clasificación Decimal Universal 1 Savater, Fernando
100 1# - ENTRADA PRINCIPAL--NOMBRE DE PERSONA
Nombre de persona Nogueroles Jové, Marta.
9 (RLIN) 155002
245 10 - MENCIÓN DEL TÍTULO
Título Fernando Savater
Resto del título : biografía intelectual de un "joven filósofo" /
Mención de responsabilidad, etc. Marta Nogueroles Jové ; prólogo de Fernando Savater.
260 ## - PUBLICACIÓN, DISTRIBUCIÓN, ETC.
Lugar de publicación, distribución, etc. Madrid :
Nombre del editor, distribuidor, etc. Endymion,
Fecha de publicación, distribución, etc. D.L. 2013.
300 ## - DESCRIPCIÓN FÍSICA
Extensión 464 p. ;
Dimensiones 20 cm.
490 1# - MENCIÓN DE SERIE
Mención de serie Ensayos (Ediciones Endymion)
504 ## - NOTA DE BIBLIOGRAFÍA, ETC.
Nota de bibliografía, etc. Bibliografía: p. 379-462.
600 14 - PUNTO DE ACCESO ADICIONAL DE MATERIA--NOMBRE DE PERSONA
Nombre de persona Savater, Fernando,
Fechas asociadas al nombre 1947-
Subdivisión general Crítica e interpretación
9 (RLIN) 104055
700 1# - ENTRADA AGREGADA--NOMBRE PERSONAL
Nombre de persona Savater, Fernando,
Fechas asociadas al nombre 1947-
9 (RLIN) 104053
830 0# - PUNTO DE ACCESO ADICIONAL DE SERIE-TÍTULO UNIFORME
Título uniforme Ensayos (Ediciones Endymion)
9 (RLIN) 176614
852 ## - LOCALIZACIÓN
Ubicación ES-MaACL
Número de control de estantería A-13159
itemnumber 190490
Sublocalización o colección R.150021
Ubicación en estantería Depósito 1
Signatura antigua Olim: N-6159
Anotaciones manuscritas Dedicatoria autógrafa de la autora
Donativo/Legado Donacion: de la autora Marta Nogueroles Jove
903 ## - NOMBRE PERSONAL DE DONANTE
9 155002
a Nogueroles Jové, Marta
e Donante
942 ## - ELEMENTOS DE ENTRADA SECUNDARIOS (KOHA)
Fuente del sistema de clasificación o colocación Clasificación decimal universal
Tipo de ítem Koha Libro impreso
Holdings
Estatus retirado Estado de pérdida Fuente del sistema de clasificación o colocación Estado de daño No para préstamo Colección Biblioteca de origen Biblioteca actual Ubicación en estantería Fecha de adquisición Fuente de adquisición Total de préstamos Signatura topográfica completa Código de barras Visto por última vez Precio de reemplazo Tipo de ítem Koha Nota pública
    Clasificación decimal universal     Libros con dedicatorias Biblioteca del Ateneo de Madrid Biblioteca del Ateneo de Madrid Depósito 1 17/07/2014 Donación   A-13159 1192929 23/02/2023 23/02/2023 Libro impreso Dedicatoria autógrafa de la autora